000 02796cam a22002778i 4500
001 23615108
005 20250616110309.0
008 240321s2025 mau b 001 0 eng
010 _a 2024002113
020 _a9780262049429
_q(hardcover)
040 _aDLC
_beng
_erda
_cDLC
041 _aeng
042 _apcc
050 0 0 _aP107
_b.E73 2025
100 _aErard, Michael,
_eauthor.
_925056
245 1 0 _aBye bye I love you
_b: the story of our first and last words
_c/ Michael Erard.
264 1 _aCambridge, Massachusetts :
_bThe MIT Press,
_c2025.
300 _a 327 pages : illustrations ; 24 cm
504 _aIncludes bibliographical references and index.
505 0 _aThe Four Expectations — The Story of a First Word (or Why We Pay Attention to First Words at All) — The First First Word — The Truth About "Mama" — The Normal First Word — Conclusion, Part 1: Ritual, Sincerity, and the First Word — Interlude: A Year at the MPI — How Do We Really Communicate at the End of Our Lives? — William Osler and "The Study of the Act of Dying" — The Linguistic Powers of the Dying — Death Resists — Beyond Last Words — A Linguistics of Last Words.
520 _aA beautiful and intimate exploration of first and last words—and the many facets of how language begins and ends—from a pioneering language writer. With our earliest utterances, we announce ourselves—and are recognized—as persons ready for social life. With our final ones, we mark where others must release us to death's embrace. In Bye Bye I Love You, linguist and author Michael Erard explores these phenomena, commonly called “first words” and “last words,” uncovering their cultural, historical, and biological entanglements and honoring their deep private significance. Erard draws from personal, historical, and anthropological sources to provide a sense of the breadth of beliefs and practices about these phenomena across eras, religions, and cultures around the world. What do babies' first words have in common? How do people really communicate at the end of life? In the first half of the book, Erard tells the story of first words in human development and evolution, and how the attention to children's early language—a modern phenomenon—arose. In the second half, he provides a groundbreaking overview of language at the end of life and the cultural conventions that surround it. Throughout he reveals the many parallels and asymmetries between first and last words and asks whether we might be able to use a linguistic understanding of end of life to discover what we truly want.
_cProvided by publisher.
650 0 _aLanguage and languages
_xPhilosophy
_98574
650 0 _aLanguage acquisition.
_925057
650 0 _aDeath
_911666
942 _2lcc
999 _c4594
_d4594